Villes polonaises - Quiz sur la carte - Statistiques

Statistiques générales
  • Ce quiz a été pris 132 fois
    122 depuis la dernière actualisation
  • Le résultat moyen est 7 sur 13
Réponses sur la Carte
Les réponses sont colorées sur une échelle allant du rouge au vert en fonction du pourcentage des utilisateurs qui les ont devinées à leur premier essai. Vous pouvez retrouver ces pourcentages ci-dessous.
 
Statistiques - réponses
Réponse % Correct
Gdańsk
86%
Varsovie
85%
Cracovie
73%
Katowice
55%
Wrocław
53%
Lublin
52%
Poznań
47%
Szczecin
47%
Białystok
45%
Łódz
41%
Rzeszów
36%
Bydgoszcz
35%
Olsztyn
31%
Aucun quiz correspondant
Distribution des résultats
% des personnes avec chaque résultat
Percentile par nombre de réponses
Votre historique - résultats
Vous n’avez pas pris ce quiz depuis la dernière actualisation